Legyen a közösség mozgató erő!
Elmentve itt :
| Szerző: | |
|---|---|
| Dokumentumtípus: | Cikk |
| Megjelent: |
1972
|
| Sorozat: | Szegedi Egyetem
10 No. 7 |
| Kulcsszavak: | Szabadidő |
| Online Access: | http://univ.bibl.u-szeged.hu/845 |
| LEADER | 00602nab a2200193 i 4500 | ||
|---|---|---|---|
| 001 | univ845 | ||
| 005 | 20241121154043.0 | ||
| 008 | 171204s1972 hu o 000 hun d | ||
| 022 | |a 0230-791X | ||
| 040 | |a SZTE UnivHistória Repozitórium |b hun | ||
| 041 | |a hun | ||
| 100 | 1 | |a Kánya András | |
| 245 | 1 | 0 | |a Legyen a közösség mozgató erő! |h [elektronikus dokumentum] / |c Kánya András |
| 260 | |c 1972 | ||
| 300 | |a 3 | ||
| 490 | 0 | |a Szegedi Egyetem |v 10 No. 7 | |
| 561 | |a Egyetemi, hallgatói élet | ||
| 695 | |a Szabadidő | ||
| 856 | 4 | 0 | |u http://univ.bibl.u-szeged.hu/845/2/sze_1972_007_003.pdf |z Dokumentum-elérés |